000 00604nam a22001937a 4500
999 _c18834
_d18834
003 AR-CdUCM
008 190515b ||||| |||| 00| 0 spa d
040 _aMUNICIPALIDAD PROVINCIAL DEL CUSCO
_cBIBLIOTECA MUNICIPAL DEL CUSCO
082 _a869.143 /
_bD594
100 _aDe Dios Peza, Juan
_939682
245 _aLas Glorias de México :
_bMusa épica cantos a la patria /
260 _aMéxico :
_bMaucci hermanos,
300 _a331 páginas ;
_c20 cm.
505 _aContenido : Poemas.
650 _aRenacimiento literario
_939683
650 _aPoesias
_92556
942 _2ddc
_cLIBROS
945 _arcc